[Event "Bicaz City Cup"]
[Site "Bicaz"]
[Date "2020.03.08"]
[Round "6"]
[White "Tufa, Mihai"]
[Black "Arghirescu, Andrei"]
[Result "1/2-1/2"]
[WhiteElo "1835"]
[BlackElo "2015"]
[PlyCount "81"]
[EventDate "2020.03.05"]
[EventType "swiss"]
[EventRounds "7"]
[EventCountry "ROU"]
[SourceTitle "CBM 195 Extra"]
[Source "ChessBase"]
[SourceDate "2020.05.31"]
[SourceVersion "1"]
[SourceVersionDate "2020.05.31"]
[SourceQuality "1"]

1. e4 e6 2. d4 b6 3. Nf3 Bb7 4. Bd3 Nf6 5. Qe2 c5 6. c3 Nc6 7. d5 Nb8 8. c4 d6 9. Nc3 Be7 10. 0-0 Nbd7 11. h3 Nf8 12. Nh2 Ng6 13. f4 e5 14. f5 Nf8 15. g4 h6 16. Nf3 a6 17. Bc2 Bc8 18. Ba4+ Bd7 19. Bxd7+ N8xd7 20. a4 Nh7 21. Be3 Ng5 22. Kg2 Nxf3 23. Qxf3 Bg5 24. Rfe1 Bxe3 25. Qxe3 Qh4 26. Ne2 Nf6 27. Ng1 Qg5 28. Qxg5 hxg5 29. Nf3 Nh7 30. Rh1 Ke7 31. Rhb1 a5 32. Rh1 Rag8 33. Rh2 g6 34. Rah1 gxf5 35. exf5 Nf6 36. Re1 Kd7 37. Nd2 Rh6 38. Ne4 Ke7 39. Kg3 Nxe4+ 40. Rxe4 f6 41. Re3 1/2-1/2

[Event "Bicaz City Cup"]
[Site "Bicaz"]
[Date "2020.03.07"]
[Round "4"]
[White "Arghirescu, Andrei"]
[Black "Racovita, Gheorghe"]
[Result "1-0"]
[WhiteElo "2015"]
[BlackElo "1705"]
[PlyCount "49"]
[EventDate "2020.03.05"]
[EventType "swiss"]
[EventRounds "7"]
[EventCountry "ROU"]
[SourceTitle "CBM 195 Extra"]
[Source "ChessBase"]
[SourceDate "2020.05.31"]
[SourceVersion "1"]
[SourceVersionDate "2020.05.31"]
[SourceQuality "1"]

1. e4 d6 2. Nc3 Nf6 3. d3 Nbd7 4. Be3 e5 5. h3 Be7 6. Be2 c6 7. f4 Qc7 8. fxe5 dxe5 9. Qd2 0-0 10. g4 Nc5 11. 0-0-0 b5 12. Bf3 b4 13. Nce2 Rd8 14. Qe1 Qa5 15. Kb1 Be6 16. Nc1 Qc7 17. g5 Ne8 18. Bg4 Bxg4 19. hxg4 Ne6 20. Nf3 c5 21. Rxh7 Nf8 22. Rh2 c4 23. Qh4 Ng6 24. Qh7+ Kf8 25. Qh8+ 1-0

[Event "ROM-chT2"]
[Site "Slanic Moldova"]
[Date "2017.10.07"]
[Round "8.5"]
[White "Arghirescu, Andrei"]
[Black "Mihailov, Iulian"]
[Result "1/2-1/2"]
[WhiteElo "1967"]
[BlackElo "2044"]
[PlyCount "29"]
[EventDate "2017.09.30"]
[EventType "team-tourn"]
[EventRounds "9"]
[EventCountry "ROU"]
[SourceTitle "CBM 181 Extra"]
[Source "ChessBase"]
[SourceDate "2017.12.12"]
[SourceVersion "1"]
[SourceVersionDate "2017.12.12"]
[SourceQuality "1"]
[WhiteTeam "Brasov CSU"]
[BlackTeam "Constanta Fianchetto"]
[WhiteTeamCountry "ROU"]
[BlackTeamCountry "ROU"]

1. e4 e5 2. Bc4 Bc5 3. Nf3 Nc6 4. 0-0 Nf6 5. d3 d6 6. Nc3 0-0 7. Bg5 Be6 8. Bd5 h6 9. Bxf6 Qxf6 10. Na4 Bb6 11. Nxb6 axb6 12. Bxe6 Qxe6 13. a3 Rae8 14. Nd2 Nd4 15. c3 1/2-1/2

[Event "ROM-chT2"]
[Site "Slanic Moldova"]
[Date "2017.10.05"]
[Round "6.5"]
[White "Zogorean, Petru"]
[Black "Arghirescu, Andrei"]
[Result "1/2-1/2"]
[WhiteElo "1915"]
[BlackElo "1967"]
[PlyCount "116"]
[EventDate "2017.09.30"]
[EventType "team-tourn"]
[EventRounds "9"]
[EventCountry "ROU"]
[SourceTitle "CBM 181 Extra"]
[Source "ChessBase"]
[SourceDate "2017.12.12"]
[SourceVersion "1"]
[SourceVersionDate "2017.12.12"]
[SourceQuality "1"]
[WhiteTeam "Bistrita"]
[BlackTeam "Brasov CSU"]
[WhiteTeamCountry "ROU"]
[BlackTeamCountry "ROU"]

1. d4 Nf6 2. c4 e5 3. dxe5 Ne4 4. Nf3 Nc6 5. e3 Bb4+ 6. Bd2 Qe7 7. a3 Bxd2+ 8. Nbxd2 Nxd2 9. Qxd2 Nxe5 10. Be2 d6 11. 0-0 0-0 12. Qc2 Re8 13. Rac1 Qf6 14. Nxe5 Rxe5 15. e4 Qg6 16. f4 Re7 17. Bd3 Bd7 18. Rf3 Rae8 19. Rcf1 Qf6 20. Qf2 Bc6 21. e5 dxe5 22. fxe5 Qxe5 23. Rxf7 Qe3 24. Rf4 Qxf2+ 25. R4xf2 Re1 26. b4 Rxf1+ 27. Kxf1 Re3 28. Rd2 Be4 29. Bxe4 Rxe4 30. Rd8+ Kf7 31. Ra8 Rxc4 32. Rxa7 b6 33. Ke2 Ke6 34. Kd3 Kd5 35. Ra8 Rd4+ 36. Kc3 Rh4 37. Rd8+ Kc6 38. h3 Re4 39. Rd3 Re2 40. Rg3 g6 41. a4 Rf2 42. Kb3 Rf1 43. Rc3+ Kd6 44. Rc2 Re1 45. Ra2 Re3+ 46. Kc4 Re4+ 47. Kc3 c6 48. a5 bxa5 49. bxa5 Kc5 50. a6 Re3+ 51. Kd2 Re8 52. Kd3 Ra8 53. a7 Kb6 54. Rb2+ Kxa7 55. Kc4 Rb8 56. Re2 Kb6 57. g4 Rf8 58. Re1 Kc7 1/2-1/2

[Event "ROM-chT2"]
[Site "Mamaia"]
[Date "2015.10.10"]
[Round "8.6"]
[White "Arghirescu, Andrei"]
[Black "Ursan, Petru Sebastian"]
[Result "1/2-1/2"]
[WhiteElo "2086"]
[BlackElo "1935"]
[PlyCount "130"]
[EventDate "2015.10.03"]
[EventType "team-tourn"]
[EventRounds "9"]
[EventCountry "ROU"]
[SourceTitle "CBM 169 Extra"]
[Source "ChessBase"]
[SourceDate "2015.12.18"]
[SourceVersion "1"]
[SourceVersionDate "2015.12.18"]
[SourceQuality "1"]
[WhiteTeam "Brasov CSU"]
[BlackTeam "Timisoara Sinandrei"]
[WhiteTeamCountry "ROU"]
[BlackTeamCountry "ROU"]

1. e4 c5 2. Nc3 Nc6 3. d3 g6 4. Be3 d6 5. Qd2 Bg7 6. h3 Nf6 7. g4 Qa5 8. Nd1 Qxd2+ 9. Bxd2 b5 10. Bg2 Bb7 11. Ne3 Nd7 12. c3 a5 13. f4 b4 14. Rb1 0-0 15. Nf3 Nb6 16. 0-0 Na4 17. Nd1 Nb6 18. f5 Ba6 19. Nf2 Na4 20. Rfc1 Rab8 21. Be1 Ne5 22. Nxe5 Bxe5 23. g5 Bf4 24. Rd1 Bxg5 25. c4 Bf6 26. b3 Nc3 27. Bxc3 Bxc3 28. Ng4 h5 29. Nh2 e6 30. Rf1 exf5 31. exf5 Bb7 32. fxg6 fxg6 33. Rxf8+ Kxf8 34. Rf1+ Kg7 35. Nf3 Re8 36. Ng5 Bd4+ 37. Kh1 Bxg2+ 38. Kxg2 Re2+ 39. Kf3 Re5 40. Ne4 Rf5+ 41. Kg2 Rxf1 42. Kxf1 Be5 43. Ke2 Kf7 44. Kf3 Ke6 45. Ng5+ Kf5 46. Ne4 g5 47. Nf2 Bd4 48. Ne4 g4+ 49. hxg4+ hxg4+ 50. Ke2 Be5 51. Ke3 Bd4+ 52. Ke2 Kf4 53. Kf1 Kf3 54. Ng5+ Kg3 55. Ne6 Be3 56. Ke2 Bh6 57. d4 Kh2 58. dxc5 dxc5 59. Nxc5 g3 60. Nd3 g2 61. Ne1 g1Q 62. Nf3+ Kg2 63. Nxg1 Kxg1 64. c5 Bf8 65. c6 Bd6 1/2-1/2

[Event "ROM-chT2"]
[Site "Mamaia"]
[Date "2015.10.04"]
[Round "2.6"]
[White "Iordachescu, Sorin Emanuel"]
[Black "Arghirescu, Andrei"]
[Result "0-1"]
[WhiteElo "1871"]
[BlackElo "2086"]
[PlyCount "52"]
[EventDate "2015.10.03"]
[EventType "team-tourn"]
[EventRounds "9"]
[EventCountry "ROU"]
[SourceTitle "CBM 169 Extra"]
[Source "ChessBase"]
[SourceDate "2015.12.18"]
[SourceVersion "1"]
[SourceVersionDate "2015.12.18"]
[SourceQuality "1"]
[WhiteTeam "Buzau Pheonix"]
[BlackTeam "Brasov CSU"]
[WhiteTeamCountry "ROU"]
[BlackTeamCountry "ROU"]

1. d4 Nf6 2. c4 e6 3. g3 d5 4. Bg2 dxc4 5. Nc3 c6 6. Bg5 Nbd7 7. e3 Bb4 8. Nge2 Qa5 9. Bxf6 Nxf6 10. 0-0 0-0 11. Qc2 Bxc3 12. Nxc3 Bd7 13. e4 e5 14. d5 b5 15. a4 b4 16. dxc6 Bxc6 17. Ne2 Rac8 18. Rfc1 Bb7 19. h3 Qc5 20. a5 Rfd8 21. a6 Ba8 22. g4 Rd3 23. Rd1 Nxe4 24. Bxe4 Bxe4 25. Rxd3 cxd3 26. Qb1 Qc2 0-1

[Event "ROM-chT"]
[Site "Mamaia"]
[Date "2012.09.30"]
[Round "9.6"]
[White "Malureanu, Costin George"]
[Black "Arghirescu, Andrei"]
[Result "1/2-1/2"]
[WhiteElo "2119"]
[BlackElo "2033"]
[PlyCount "20"]
[EventDate "2012.09.22"]
[EventType "team-tourn"]
[EventRounds "9"]
[EventCountry "ROU"]
[SourceTitle "CBM 150 Extra"]
[Source "ChessBase"]
[SourceDate "2012.10.19"]
[SourceVersion "1"]
[SourceVersionDate "2012.10.19"]
[SourceQuality "1"]
[WhiteTeam "Techirghiol Victoria"]
[BlackTeam "Cugir CSO"]
[WhiteTeamCountry "ROU"]
[BlackTeamCountry "ROU"]

1. e4 e6 2. d4 b6 3. Nc3 Bb7 4. Bd3 Nf6 5. Nf3 Bb4 6. Bg5 h6 7. Bxf6 Bxc3+ 8. bxc3 Qxf6 9. Qe2 Qe7 10. 0-0 a5 1/2-1/2

[Event "ROM-chT"]
[Site "Mamaia"]
[Date "2012.09.29"]
[Round "8.6"]
[White "Arghirescu, Andrei"]
[Black "Manole, Stefan"]
[Result "1/2-1/2"]
[WhiteElo "2033"]
[BlackElo "2125"]
[PlyCount "185"]
[EventDate "2012.09.22"]
[EventType "team-tourn"]
[EventRounds "9"]
[EventCountry "ROU"]
[SourceTitle "CBM 150 Extra"]
[Source "ChessBase"]
[SourceDate "2012.10.19"]
[SourceVersion "1"]
[SourceVersionDate "2012.10.19"]
[SourceQuality "1"]
[WhiteTeam "Cugir CSO"]
[BlackTeam "Ploiesti CSU"]
[WhiteTeamCountry "ROU"]
[BlackTeamCountry "ROU"]

1. d3 d5 2. g3 Nf6 3. Bg2 e5 4. Nd2 Be6 5. Ngf3 Nbd7 6. 0-0 Bd6 7. Ng5 Bg4 8. f3 Bh5 9. e4 c6 10. Kh1 0-0 11. Qe1 dxe4 12. Ndxe4 Nxe4 13. Nxe4 Be7 14. Nd2 f6 15. Nb3 a5 16. Be3 a4 17. Nd2 Bf7 18. Qf2 Qa5 19. Bh3 Rad8 20. Ne4 Rfe8 21. Bxd7 Rxd7 22. Bc5 Bxc5 23. Qxc5 Ra8 24. b3 Bd5 25. Qxa5 Rxa5 26. b4 Ra8 27. a3 Bxe4 28. fxe4 Rc8 29. Rab1 c5 30. bxc5 Rxc5 31. Rb2 Rc3 32. Ra1 Rdc7 33. Raa2 Kf7 34. Kg1 Kg6 35. Kf2 Kg5 36. Kf3 Kg6 37. h3 h5 38. h4 R7c5 39. Ke3 b5 40. Kd2 f5 41. Rxb5 Rxd3+ 42. cxd3 Rxb5 43. Rc2 Rb3 44. Rc6+ Kf7 45. exf5 Rxa3 46. Ra6 Ra1 47. Kc3 Rg1 48. Rg6 Rf1 49. g4 hxg4 50. Rxg4 Rf4 51. Rg6 Rxf5 52. Ra6 Rf4 53. h5 Rh4 54. Kd2 Rxh5 55. Rxa4 Kf6 56. d4 Rh2+ 57. Ke3 Rh3+ 58. Kf2 e4 59. Ra6+ Kf5 60. Ra8 g5 61. Rf8+ Ke6 62. Re8+ Kd5 63. Re5+ Kxd4 64. Rxg5 Ra3 65. Rg8 Ra2+ 66. Ke1 Kd3 67. Kf1 Ra1+ 68. Kg2 Ke2 69. Rb8 Rd1 70. Rb2+ Rd2 71. Rb3 Ke1+ 72. Kg1 Ke2 73. Kg2 e3 74. Kg3 Rd3 75. Rb2+ Kd1 76. Rb1+ Kc2 77. Re1 Kd2 78. Ra1 Rc3 79. Ra2+ Rc2 80. Ra1 Ke2 81. Ra3 Rd2 82. Ra1 Rd1 83. Ra2+ Rd2 84. Ra1 Rc2 85. Rb1 Kd2 86. Ra1 e2 87. Kf2 Rb2 88. Re1 Kd3 89. Ra1 Rc2 90. Ra3+ Kd2 91. Ra1 Rb2 92. Re1 Kd3 93. Ra1 1/2-1/2

[Event "ROM-chT"]
[Site "Mamaia"]
[Date "2012.09.28"]
[Round "7.6"]
[White "David, Alexandru Vasile"]
[Black "Arghirescu, Andrei"]
[Result "0-1"]
[WhiteElo "2075"]
[BlackElo "2033"]
[PlyCount "96"]
[EventDate "2012.09.22"]
[EventType "team-tourn"]
[EventRounds "9"]
[EventCountry "ROU"]
[SourceTitle "CBM 150 Extra"]
[Source "ChessBase"]
[SourceDate "2012.10.19"]
[SourceVersion "1"]
[SourceVersionDate "2012.10.19"]
[SourceQuality "1"]
[WhiteTeam "Bucharest Sah Apa"]
[BlackTeam "Cugir CSO"]
[WhiteTeamCountry "ROU"]
[BlackTeamCountry "ROU"]

1. d4 Nf6 2. c4 e5 3. dxe5 Ne4 4. a3 Nc6 5. Qc2 d5 6. Nc3 Bf5 7. cxd5 Nxc3 8. Qxf5 Nxd5 9. Nf3 g6 10. Qe4 Qd7 11. Bg5 Be7 12. e3 0-0-0 13. Bc4 Bxg5 14. Nxg5 Nb6 15. Nf3 Nxc4 16. Qxc4 Nxe5 17. Nxe5 Qd2+ 18. Kf1 Qxb2 19. Rc1 Qxe5 20. Ke2 Rd7 21. Rc2 Rhd8 22. Rb1 Qh5+ 23. g4 Qa5 24. Qb4 Qd5 25. Rc5 Qg2 26. Rc2 h5 27. h3 hxg4 28. hxg4 Qd5 29. Rc5 Qd2+ 30. Kf3 Qxb4 31. axb4 Rd2 32. Rbc1 R8d7 33. R1c2 Rxc2 34. Rxc2 b6 35. Kf4 Kb7 36. Ke5 Rd6 37. f4 f6+ 38. Ke4 Re6+ 39. Kd4 Rd6+ 40. Ke4 Rc6 41. Rxc6 Kxc6 42. Kd4 a5 43. bxa5 bxa5 44. Kc4 f5 45. g5 Kd6 46. Kd4 c5+ 47. Kc4 a4 48. Kc3 Kd5 0-1

[Event "ROM-chT Div-A"]
[Site "Slanic Moldova"]
[Date "2011.10.08"]
[Round "8"]
[White "Arghirescu, Andrei"]
[Black "Prundeanu, Horia"]
[Result "1/2-1/2"]
[WhiteElo "1988"]
[BlackElo "2152"]
[PlyCount "21"]
[EventDate "2011.10.03"]
[EventType "team-tourn"]
[EventRounds "9"]
[EventCountry "ROU"]
[SourceTitle "CBM 144 Extra"]
[Source "ChessBase"]
[SourceDate "2011.10.28"]
[SourceVersion "1"]
[SourceVersionDate "2011.10.28"]
[SourceQuality "1"]

1. e4 d5 2. exd5 Qxd5 3. Nc3 Qd6 4. d4 Nf6 5. Nf3 g6 6. Be3 Bg7 7. Qd2 0-0 8. Bh6 c6 9. Bxg7 Kxg7 10. 0-0-0 Nbd7 11. Bd3 1/2-1/2

[Event "ROM-chT Div-A"]
[Site "Slanic Moldova"]
[Date "2011.10.07"]
[Round "7"]
[White "Ambru, Dan Calin"]
[Black "Arghirescu, Andrei"]
[Result "0-1"]
[WhiteElo "1917"]
[BlackElo "1988"]
[PlyCount "170"]
[EventDate "2011.10.03"]
[EventType "team-tourn"]
[EventRounds "9"]
[EventCountry "ROU"]
[SourceTitle "CBM 144 Extra"]
[Source "ChessBase"]
[SourceDate "2011.10.28"]
[SourceVersion "1"]
[SourceVersionDate "2011.10.28"]
[SourceQuality "1"]

1. e4 e6 2. d4 b6 3. Bd3 Bb7 4. Nf3 Nf6 5. Nbd2 c5 6. c3 cxd4 7. cxd4 Bb4 8. Qe2 0-0 9. 0-0 Nc6 10. a3 Be7 11. Re1 d5 12. e5 Nd7 13. Nf1 Re8 14. Ng3 f5 15. Nh5 Kh8 16. Qd2 Rg8 17. Nf4 Nf8 18. Bb5 Na5 19. Qd1 a6 20. Bf1 Nc6 21. Ne2 Rc8 22. Nc3 g5 23. h3 g4 24. hxg4 Rxg4 25. Be3 Nd7 26. Nh2 Rg6 27. Qf3 Bg5 28. Rad1 Qe7 29. Qh5 Rcg8 30. Bxg5 Rxg5 31. Qe2 Qg7 32. f4 Rg3 33. Nf3 h6 34. Qf2 Qg4 35. Nh2 Qh5 36. Re3 R3g7 37. Kh1 Qg6 38. Qh4 b5 39. Rh3 Rh7 40. Rdd3 b4 41. Rhg3 Qf7 42. Rxg8+ Qxg8 43. Rg3 Qf8 44. axb4 Nxd4 45. Rg6 Nc2 46. Rxe6 Ne3 47. Qh5 Qf7 48. Qxf7 Rxf7 49. Rxh6+ Kg7 50. Rd6 Nf8 51. Bxa6 d4 52. Nb1 Rc7 53. Bxb7 Rc1+ 54. Nf1 Rxf1+ 55. Kh2 Rxb1 56. Rxd4 Rxb2 57. Rd3 Ng4+ 58. Kg3 Rxb4 59. Bf3 Nh6 60. Kf2 Rxf4 61. Ke3 Rb4 62. Rc3 Ne6 63. g3 Ng4+ 64. Bxg4 Rxg4 65. Kf2 Kf7 66. Kf3 Ng5+ 67. Kg2 Ne4 68. Rf3 Ke6 69. Re3 Kxe5 70. Kh2 Rg8 71. Ra3 Rc8 72. Ra5+ Kf6 73. Ra6+ Kg5 74. Ra7 Rc2+ 75. Kh3 Nf2+ 76. Kg2 Ng4+ 77. Kg1 Ne3 78. Rg7+ Kf6 79. Rg8 Ke5 80. Re8+ Kd4 81. Rd8+ Ke4 82. Rg8 Kf3 83. Rg5 Rc1+ 84. Kh2 Ng4+ 85. Rxg4 Kxg4 0-1

[Event "ROM-ch U18"]
[Site "Voineasa"]
[Date "2010.04.10"]
[Round "4"]
[White "Pisu, Robert Daniel"]
[Black "Arghirescu, Andrei"]
[Result "1/2-1/2"]
[WhiteElo "1892"]
[BlackElo "1975"]
[PlyCount "122"]
[EventDate "2010.04.08"]
[EventType "swiss"]
[EventRounds "9"]
[EventCountry "ROU"]
[SourceTitle "EXT 2020"]
[Source "ChessBase"]
[SourceDate "2019.10.17"]
[SourceVersion "1"]
[SourceVersionDate "2019.10.17"]
[SourceQuality "1"]

1. d4 Nf6 2. c4 e5 3. dxe5 Ne4 4. Nd2 Bb4 5. a3 Nxd2 6. Bxd2 Bxd2+ 7. Qxd2 Nc6 8. Nf3 Qe7 9. Qc3 b6 10. e3 Bb7 11. Be2 0-0-0 12. Rd1 Rhe8 13. Rd5 Nb8 14. 0-0 g5 15. Rc1 g4 16. Nd4 Bxd5 17. cxd5 Qxe5 18. Nb5 Qxc3 19. Rxc3 c5 20. Nd6+ Kc7 21. Nxe8+ Rxe8 22. Bxg4 Re5 23. Rd3 Kd6 24. Bf3 Na6 25. g3 Nc7 26. e4 Nb5 27. Bg2 f6 28. f4 Re8 29. g4 Nd4 30. Kf2 a5 31. Rh3 b5 32. Rxh7 b4 33. axb4 cxb4 34. Rf7 a4 35. Rxf6+ Kc5 36. Ra6 a3 37. bxa3 b3 38. e5 Nc2 39. Be4 Kd4 40. Bg6 Rg8 41. Rb6 Ne3 42. Rb4+ Nc4 43. f5 Kc3 44. e6 Ne5 45. Kg3 dxe6 46. dxe6 Nxg6 47. fxg6 Rxg6 48. Rb6 b2 49. Kf4 Rxe6 50. Rxb2 Kxb2 51. h4 Kc3 52. Kf5 Ra6 53. g5 Kd4 54. g6 Rxa3 55. g7 Rg3 56. Kf6 Rf3+ 57. Kg6 Rg3+ 58. Kf7 Rf3+ 59. Kg6 Rg3+ 60. Kh7 Rh3 61. g8Q Rxh4+ 1/2-1/2

[Event "ROM-ch"]
[Site "Baile Olanesti"]
[Date "2010.02.04"]
[Round "6"]
[White "Chifor, Ovidiu Emanuel"]
[Black "Arghirescu, Andrei"]
[Result "1-0"]
[WhiteElo "2247"]
[BlackElo "1993"]
[PlyCount "103"]
[EventDate "2010.01.31"]
[EventType "swiss"]
[EventRounds "9"]
[EventCountry "ROU"]
[SourceTitle "CBM 134 Extra"]
[Source "ChessBase"]
[SourceDate "2010.03.03"]
[SourceVersion "1"]
[SourceVersionDate "2010.03.03"]
[SourceQuality "1"]

1. d4 Nf6 2. Nf3 g6 3. c4 Bg7 4. Nc3 d6 5. g3 0-0 6. Bg2 c5 7. d5 e5 8. 0-0 Bf5 9. h3 Ne8 10. e4 Bd7 11. Ne1 f5 12. Nd3 Qc8 13. Kh2 Na6 14. exf5 gxf5 15. f4 e4 16. Nf2 Nf6 17. Be3 Nc7 18. g4 fxg4 19. Ncxe4 gxh3 20. Bf3 Nce8 21. Rg1 Nxe4 22. Nxe4 Bf5 23. Rg3 Bxe4 24. Bxe4 Nf6 25. Bf3 Qf5 26. Rg5 Qd7 27. Qe2 Rae8 28. Rag1 Re7 29. Qf2 Kh8 30. Bd2 Ne8 31. Qg3 Rf5 32. Bc3 Rxg5 33. Qxg5 Re3 34. Bh5 Qe7 35. Qg4 Rxc3 36. bxc3 Nf6 37. Qc8+ Ng8 38. Qxh3 Qf6 39. Qg4 Qxc3 40. Bf7 Qb2+ 41. Rg2 Qf6 42. Bxg8 Kxg8 43. Qc8+ Qf8 44. Qxf8+ Kxf8 45. Kg3 Kf7 46. Re2 a6 47. a4 Bf6 48. Re6 Be7 49. Kg4 Bf8 50. Kh5 h6 51. f5 b6 52. Kg4 1-0